| 000 | 00428nam a22001217a 4500 | ||
|---|---|---|---|
| 082 | _aP-780 | ||
| 100 |
_aMuhammad Hamza Zahoor _951437 |
||
| 245 |
_aGeo-Forensic Distress Evaluation of a Damaged Building Founded On Collapsable Soil with a View to Formulate a Remedial Strategy: A Case History _bSyn#21 |
||
| 260 |
_aRisalpur, _bMCE, _c2018. |
||
| 526 |
_a0 _b0 _c0 _dP_780 |
||
| 700 |
_a Dr. Sarfraz Ali _931137 |
||
| 942 |
_2ddc _cBK |
||
| 999 |
_c554119 _d554119 |
||